000 00945nam a22002777a 4500
003 DO-SdBNP
005 20210824101752.0
008 210409b2014 dr ||| 00| 0 spa d
020 _a9789945166194
040 _aBPMSU
_bSpa
_cBPMSU
082 _a302.54
_bM296p 2014
_222
100 1 _aMañón, Melvin
245 1 3 _aLa prosperidad :
_bla bancarrota del pensamientos racional /
_cMelvin Mañón ; prólogo César Mella Mejías.
260 _aSanto Domingo :
_bBúho,
_c2014.
300 _a187 p. :
_bil. ;
_c22 cm
500 _aincluye datos biográficos del autor en la solapa de la cubierta
590 _aInventario, 2021/MC
650 4 _aProblemas sociales
_zRepública Dominicana
_3
_8
_c
650 4 _aSilogismo
650 4 _aSociología de la educación.
650 4 _aEducación y sociedad.
650 4 _aCorrupción política.
700 1 _a Mella Mejías, César
_epról,
910 _aMcabrera VMateo V.
942 _2ddc
_cBK
999 _c13413
_d13413